000 00714nam a22002411i 4500
001 bimo0000989748
003 CO-ViMGA
005 20230915225025.0
008 920725s1979 sp spa
020 _a9789588573014
_c150 pts.
040 _aCO-ViMGA
_bspa
_cCO-ViMGA
041 1 _hger
082 0 4 _aMEVIECAR
_bH28t
100 1 _aHessen, Johannes
_9382
245 1 0 _aTeoria del conocimiento
_hTexto impreso
_cpor J. Hessen ; traduccin̤ del alemaǹ por Jos Ǧaos
250 _a1 ed.
260 _aBogotá D.C
_bLibros Hidalgo
_c2009
300 _a149 p.
_c18 cm
490 0 _aColeccin̤ Austral
_vn. 107
650 1 7 _aEpistemologa̕
_2embne
_9383
700 1 _aGaos, Jos
_d2009
_9384
942 _2ddc
_cBK
999 _c12067
_d12067